[Event "Deutsche Ländermeisterschaft 2016"]
[Site "Hannover GER"]
[Date "2016.10.02"]
[Round "2"]
[White "Krause, Benedict"]
[Black "Carow, Johannes"]
[Result "1/2-1/2"]
[Termination "normal"]
[Board "1.1"]
[WhiteTitle "FM"]
[BlackTitle "FM"]
[WhiteElo "2389"]
[BlackElo "2416"]
[WhiteClock "00:29:47"]
[BlackClock "00:03:42"]
[WhiteTeam "Schleswig-Holstein"]
[BlackTeam "Rheinland-Pfalz"]
[PlyCount "62"]
[WhiteFideId "12917990"]
[BlackFideId "24692050"]
[EventCountry "GER"]
[EventRounds "7"]
[EventType "team-swiss"]
[EventDate "2016.09.30"]

1. e4 c5 2. Nf3 e6 3. g3 Nc6 4. Bg2 Nf6 5. Qe2 e5 6. O-O Be7 7. Nc3 O-O 8. Nd5
Nxd5 9. exd5 Nd4 10. Nxd4 exd4 11. Re1 Bf6 12. a4 d6 13. d3 Bd7 14. Bf4 Re8 15.
Qd1 Qb6 16. b3 Be5 17. Bd2 Qc7 18. f4 Bf6 19. Rxe8+ Rxe8 20. Qf1 Qc8 21. Re1
Rxe1 22. Bxe1 b6 23. h3 h5 24. Kh2 g6 25. Bf3 Bg7 26. Qg2 f5 27. Qe2 Bf6 28.
Bd2 a6 29. Be1 Kf7 30. Kg2 Kg7 31. Kh2 Kf7 1/2-1/2

[Event "Deutsche Ländermeisterschaft 2016"]
[Site "Hannover GER"]
[Date "2016.10.02"]
[Round "2"]
[White "Keymer, Vincent"]
[Black "Beeck, Mats"]
[Result "1-0"]
[Termination "normal"]
[Board "1.2"]
[WhiteElo "2402"]
[BlackElo "2176"]
[WhiteClock "00:15:53"]
[BlackClock "00:13:09"]
[WhiteTeam "Rheinland-Pfalz"]
[BlackTeam "Schleswig-Holstein"]
[PlyCount "79"]
[WhiteFideId "12940690"]
[BlackFideId "12936944"]
[EventCountry "GER"]
[EventRounds "7"]
[EventType "team-swiss"]
[EventDate "2016.09.30"]

1. d4 Nf6 2. c4 g6 3. Nc3 Bg7 4. e4 d6 5. f3 O-O 6. Be3 c5 7. Nge2 Qa5 8. Nc1
cxd4 9. Nb3 Qd8 10. Nxd4 Nc6 11. Be2 Nxd4 12. Bxd4 Bd7 13. O-O a5 14. f4 Bc6
15. Bf3 Nd7 16. Be3 a4 17. Rc1 Qa5 18. Qc2 Nc5 19. Nd5 Bxd5 20. cxd5 b6 21.
Rfd1 Qb4 22. Rd2 Rfc8 23. Qb1 Ra7 24. Kh1 Rca8 25. a3 Qb5 26. Be2 Qd7 27. Rc4
Rb7 28. Rb4 b5 29. e5 Na6 30. Re4 Nc5 31. Bxc5 dxc5 32. d6 e6 33. Qg1 b4 34.
Qxc5 Rc8 35. Qd4 bxa3 36. bxa3 Rc1+ 37. Rd1 Rbb1 38. h3 Rxd1+ 39. Bxd1 Qc8 40.
Kh2 1-0

[Event "Deutsche Ländermeisterschaft 2016"]
[Site "Hannover GER"]
[Date "2016.10.02"]
[Round "2"]
[White "Kololli, Martin"]
[Black "Muckle, Julius"]
[Result "1/2-1/2"]
[Termination "normal"]
[Board "1.3"]
[WhiteElo "2202"]
[BlackElo "2196"]
[WhiteClock "00:19:10"]
[BlackClock "00:00:33"]
[WhiteTeam "Schleswig-Holstein"]
[BlackTeam "Rheinland-Pfalz"]
[PlyCount "69"]
[WhiteFideId "12936910"]
[BlackFideId "12942430"]
[EventCountry "GER"]
[EventRounds "7"]
[EventType "team-swiss"]
[EventDate "2016.09.30"]

1. g3 d5 2. f4 Nf6 3. Nf3 c5 4. Bg2 Nc6 5. O-O e6 6. d3 Bd6 7. Qe1 d4 8. a4 O-O
9. Na3 Nd5 10. c3 Be7 11. Bd2 Bf6 12. Nc2 Qb6 13. c4 Ndb4 14. Nxb4 cxb4 15. a5
Qc5 16. Ra4 b3 17. Qd1 b5 18. axb6 Qxb6 19. Ne1 Bd7 20. Qa1 a5 21. Be4 Bd8 22.
f5 exf5 23. Bxf5 Bxf5 24. Rxf5 Re8 25. Qd1 Qb7 26. Nf3 Qe7 27. Kf2 Rb8 28. Bf4
Bc7 29. Bd2 Qe6 30. Rd5 Ne7 31. Rc5 Nc6 32. Rd5 Qf6 33. Rd7 Rbc8 34. Rd5 Rb8
35. Rd7 1/2-1/2

[Event "Deutsche Ländermeisterschaft 2016"]
[Site "Hannover GER"]
[Date "2016.10.02"]
[Round "2"]
[White "Karsay, Pascal"]
[Black "Svane, Frederik"]
[Result "1/2-1/2"]
[Termination "normal"]
[Board "1.4"]
[WhiteElo "2085"]
[BlackElo "2082"]
[WhiteClock "00:16:37"]
[BlackClock "01:17:08"]
[WhiteTeam "Rheinland-Pfalz"]
[BlackTeam "Schleswig-Holstein"]
[PlyCount "47"]
[WhiteFideId "12953474"]
[BlackFideId "12923044"]
[EventCountry "GER"]
[EventRounds "7"]
[EventType "team-swiss"]
[EventDate "2016.09.30"]

1. e4 c5 2. Nf3 e6 3. d4 cxd4 4. Nxd4 a6 5. Nc3 Qc7 6. Bd3 Nf6 7. f4 b5 8. e5
b4 9. Ne4 Nxe4 10. Bxe4 Bb7 11. Qf3 Bxe4 12. Qxe4 Nc6 13. Nxc6 Qxc6 14. Qxc6
dxc6 15. a3 bxa3 16. b3 Bb4+ 17. Ke2 Kd7 18. Bxa3 Bxa3 19. Rxa3 Kc7 20. Rd1
Rhd8 21. Rxd8 Kxd8 22. Ra1 Kc7 23. Rd1 a5 24. Ra1 1/2-1/2

[Event "Deutsche Ländermeisterschaft 2016"]
[Site "Hannover GER"]
[Date "2016.10.02"]
[Round "2"]
[White "Kopylov, Daniel"]
[Black "Musiolik, David"]
[Result "1/2-1/2"]
[Termination "normal"]
[Board "1.5"]
[WhiteElo "2028"]
[BlackElo "1771"]
[WhiteClock "00:24:27"]
[BlackClock "00:38:39"]
[WhiteTeam "Schleswig-Holstein"]
[BlackTeam "Rheinland-Pfalz"]
[PlyCount "213"]
[WhiteFideId "12921971"]
[BlackFideId "12972355"]
[EventCountry "GER"]
[EventRounds "7"]
[EventType "team-swiss"]
[EventDate "2016.09.30"]

1. e4 e6 2. d4 d5 3. Nd2 Nf6 4. e5 Nfd7 5. Bd3 c5 6. c3 Nc6 7. Ne2 cxd4 8. cxd4
f6 9. exf6 Nxf6 10. Nf3 Bd6 11. O-O Qc7 12. h3 O-O 13. Nc3 a6 14. Be3 e5 15.
dxe5 Nxe5 16. Be2 Qa5 17. Nxe5 Bxe5 18. Bd4 Re8 19. Bf3 Bxd4 20. Qxd4 Be6 21.
Rfe1 Rad8 22. Re5 Bf7 23. Rae1 Rxe5 24. Rxe5 Qc7 25. a4 Qd6 26. a5 h6 27. Re1
Rc8 28. Rd1 Qc5 29. Nxd5 Nxd5 30. Bxd5 Bxd5 31. Qxd5+ Qxd5 32. Rxd5 Rc1+ 33.
Kh2 Rc2 34. Rd8+ Kh7 35. b4 Rc4 36. b5 axb5 37. Rd5 Rb4 38. Kg3 Rb3+ 39. f3 Rb2
40. h4 Rb3 41. Kg4 b4 42. Rb5 Ra3 43. f4 b3 44. g3 b2 45. Rxb2 Rxa5 46. Rxb7
h5+ 47. Kh3 Ra2 48. Re7 Rf2 49. Re1 Kg6 50. Rg1 Kf5 51. Rg2 Rf3 52. Re2 Rc3 53.
Re5+ Kg6 54. Kg2 Rb3 55. Kf2 Rc3 56. Re3 Rc2+ 57. Kf3 Rc4 58. Rd3 Rb4 59. Ke3
Rc4 60. Kf3 Rb4 61. Rd6+ Kf5 62. Rd5+ Kg6 63. Rg5+ Kh6 64. f5 Rc4 65. Rg6+ Kh7
66. Re6 Rb4 67. Re4 Rb5 68. Kf4 Kh6 69. Re6+ Kh7 70. Rg6 Rb4+ 71. Kg5 Rb5 72.
Re6 Rb3 73. Kf4 Rb5 74. Re5 Rb4+ 75. Re4 Rb5 76. Re3 Kh6 77. Re6+ Kh7 78. Re7
Kh6 79. Re8 Kh7 80. Re4 Kh6 81. Rd4 Rc5 82. Ke4 Rb5 83. Kf4 Rc5 84. Rd6+ Kh7
85. Re6 Rb5 86. Re5 Rb4+ 87. Kf3 Kh6 88. Re4 Rb5 89. Re6+ Kh7 90. Kf4 Rc5 91.
Ke4 Rb5 92. Re5 Rb3 93. Kf4 Rb4+ 94. Re4 Rb5 95. g4 hxg4 96. Kxg4 Rb1 97. Kg5
Rg1+ 98. Kf4 Ra1 99. Rd4 Re1 100. Rd7 Rh1 101. Ke5 Re1+ 102. Kd6 Kh6 103. Re7
Rd1+ 104. Ke6 Rh1 105. Kf7 Rxh4 106. Re6+ Kg5 107. Re5 1/2-1/2

[Event "Deutsche Ländermeisterschaft 2016"]
[Site "Hannover GER"]
[Date "2016.10.02"]
[Round "2"]
[White "Morio, Estelle"]
[Black "Köhler, Inken"]
[Result "1-0"]
[Termination "normal"]
[Board "1.6"]
[WhiteElo "1820"]
[BlackElo "2009"]
[WhiteClock "00:23:59"]
[BlackClock "00:11:36"]
[WhiteTeam "Rheinland-Pfalz"]
[BlackTeam "Schleswig-Holstein"]
[PlyCount "95"]
[WhiteFideId "12951951"]
[BlackFideId "12929301"]
[EventCountry "GER"]
[EventRounds "7"]
[EventType "team-swiss"]
[EventDate "2016.09.30"]

1. f4 g6 2. Nf3 Bg7 3. g3 d5 4. Bg2 c5 5. e3 Nc6 6. O-O e6 7. d3 Nge7 8. e4 O-O
9. Nbd2 Rb8 10. c3 b5 11. Rb1 b4 12. c4 dxe4 13. dxe4 Nd4 14. Kh1 Qa5 15. Nxd4
cxd4 16. Nb3 Qc7 17. Nd2 Rd8 18. b3 Bb7 19. Bb2 Qa5 20. Qc1 Rbc8 21. Ra1 Qc5
22. Qb1 a5 23. Qd3 Nc6 24. e5 Qb6 25. Ne4 Ne7 26. Nd6 Bxg2+ 27. Kxg2 Rxd6 28.
exd6 Nf5 29. Bc1 Qxd6 30. Re1 Rd8 31. Bd2 Qc6+ 32. Kg1 Qb6 33. Rac1 Qc5 34. Re2
Nd6 35. Rd1 Nb7 36. Be1 Qd6 37. Bf2 Nc5 38. Qf3 Qa6 39. Red2 Qd6 40. Bxd4 Qc7
41. Bxg7 Rxd2 42. Rxd2 Kxg7 43. Qe3 Qc6 44. Qe5+ f6 45. Qd6 Qxd6 46. Rxd6 a4
47. bxa4 Nxa4 48. Rxe6 1-0

[Event "Deutsche Ländermeisterschaft 2016"]
[Site "Hannover GER"]
[Date "2016.10.02"]
[Round "2"]
[White "Rosmait, Emily"]
[Black "Reitz, Theresa"]
[Result "1-0"]
[Termination "normal"]
[Board "1.7"]
[WhiteElo "1940"]
[BlackElo "1815"]
[WhiteClock "00:24:39"]
[BlackClock "00:04:22"]
[WhiteTeam "Schleswig-Holstein"]
[BlackTeam "Rheinland-Pfalz"]
[PlyCount "61"]
[WhiteFideId "12937754"]
[BlackFideId "12971901"]
[EventCountry "GER"]
[EventRounds "7"]
[EventType "team-swiss"]
[EventDate "2016.09.30"]

1. e4 c5 2. Nf3 e6 3. d4 cxd4 4. Nxd4 Nf6 5. Bd3 Nc6 6. Be3 Be7 7. O-O O-O 8.
c4 b6 9. Nc3 Bb7 10. Rc1 Bb4 11. Nxc6 dxc6 12. e5 Nd7 13. f4 Bc5 14. Qe2 Qe7
15. Ne4 Rfd8 16. Bb1 Bxe3+ 17. Qxe3 h6 18. Nd6 Nf8 19. c5 Rdb8 20. Rfd1 Ba6 21.
b3 Nd7 22. Qe4 g6 23. cxb6 Rxb6 24. Rxc6 Bb7 25. Nxb7 Rxb7 26. Rxe6 Qc5+ 27.
Kh1 Qc8 28. Rc6 Qb8 29. e6 Nf6 30. exf7+ Rxf7 31. Qxg6+ 1-0

[Event "Deutsche Ländermeisterschaft 2016"]
[Site "Hannover GER"]
[Date "2016.10.02"]
[Round "2"]
[White "Bohrer, Katharina"]
[Black "Glinzner, Alva"]
[Result "0-1"]
[Termination "normal"]
[Board "1.8"]
[WhiteElo "1110"]
[BlackElo "1513"]
[WhiteClock "00:00:38"]
[BlackClock "00:04:57"]
[WhiteTeam "Rheinland-Pfalz"]
[BlackTeam "Schleswig-Holstein"]
[PlyCount "78"]
[WhiteFideId "16225457"]
[BlackFideId "16206169"]
[EventCountry "GER"]
[EventRounds "7"]
[EventType "team-swiss"]
[EventDate "2016.09.30"]

1. d4 Nf6 2. Nf3 e6 3. e3 Be7 4. Bd3 O-O 5. O-O b6 6. c3 Bb7 7. Nbd2 d5 8. Re1
c5 9. Qe2 Nc6 10. e4 cxd4 11. cxd4 dxe4 12. Nxe4 Nxd4 13. Nxd4 Qxd4 14. Be3 Qd5
15. f3 Qd8 16. Red1 Qb8 17. Bg5 Nd5 18. Bxe7 Nxe7 19. Nd6 Bd5 20. Ne4 Ng6 21.
Ng5 Kh8 22. Bxg6 hxg6 23. Qf2 Qf4 24. Nh3 Qh6 25. Rd4 g5 26. Qg3 f6 27. f4 Qh4
28. Qe3 Qg4 29. Qf2 Bc6 30. fxg5 Qf5 31. Qh4+ Kg8 32. Rf4 Qc5+ 33. Kh1 Qc2 34.
Rg1 fxg5 35. Nxg5 Rxf4 36. Qxf4 Rf8 37. Qg4 Bd7 38. Re1 Qf2 39. Rg1 Qxb2 0-1

[Event "Deutsche Ländermeisterschaft 2016"]
[Site "Hannover GER"]
[Date "2016.10.02"]
[Round "2"]
[White "Bauer, Andreas"]
[Black "Vöge, Tobias"]
[Result "1/2-1/2"]
[Termination "normal"]
[Board "2.1"]
[BlackTitle "FM"]
[WhiteElo "2239"]
[BlackElo "2289"]
[WhiteClock "00:11:00"]
[BlackClock "00:04:12"]
[WhiteTeam "Baden 1"]
[BlackTeam "Niedersachsen 1"]
[PlyCount "48"]
[WhiteFideId "4625030"]
[BlackFideId "1270513"]
[EventCountry "GER"]
[EventRounds "7"]
[EventType "team-swiss"]
[EventDate "2016.09.30"]

1. Nf3 Nf6 2. c4 c5 3. g3 g6 4. b3 Bg7 5. Bb2 Nc6 6. Bg2 O-O 7. O-O d6 8. Nc3
a6 9. d4 cxd4 10. Nxd4 Nxd4 11. Qxd4 Qa5 12. Rfd1 Ng4 13. Qd2 Qh5 14. h3 Nf6
15. h4 Rb8 16. a4 Be6 17. e3 Nd7 18. Nd5 Bxd5 19. Bxd5 Ne5 20. Bxe5 Qxe5 21.
Ra2 Rfd8 22. Bg2 Qc3 23. Qxc3 Bxc3 24. c5 dxc5 1/2-1/2

[Event "Deutsche Ländermeisterschaft 2016"]
[Site "Hannover GER"]
[Date "2016.10.02"]
[Round "2"]
[White "Polster, Christian"]
[Black "Gschnitzer, Adrian"]
[Result "1/2-1/2"]
[Termination "normal"]
[Board "2.2"]
[WhiteElo "2309"]
[BlackElo "2232"]
[WhiteClock "00:00:46"]
[BlackClock "00:06:43"]
[WhiteTeam "Niedersachsen 1"]
[BlackTeam "Baden 1"]
[PlyCount "107"]
[WhiteFideId "12965081"]
[BlackFideId "1270337"]
[EventCountry "GER"]
[EventRounds "7"]
[EventType "team-swiss"]
[EventDate "2016.09.30"]

1. e4 c5 2. Nf3 Nc6 3. d4 cxd4 4. Nxd4 e5 5. Nb5 d6 6. c4 Be7 7. N1c3 a6 8. Na3
f5 9. exf5 Bxf5 10. Bd3 Be6 11. O-O Nf6 12. Nc2 O-O 13. b3 Qd7 14. Nd5 Bd8 15.
Nxf6+ Bxf6 16. Be4 g6 17. Bd5 Nd4 18. Nxd4 Bxd5 19. Nf5 Bc6 20. Ne3 Qe6 21. Qe2
Rad8 22. Bb2 Bg5 23. Rad1 Bxe3 24. Qxe3 Rd7 25. f3 Re8 26. Rfe1 Rde7 27. Rd2
Qf6 28. Red1 Rd7 29. Qb6 Qg5 30. Bc1 Qd8 31. Qe3 Qf6 32. a4 Qe6 33. Bb2 Qf6 34.
Re1 Rde7 35. Ba3 Re6 36. Red1 Rd8 37. a5 Rd7 38. b4 Qf4 39. Qb3 Rd8 40. b5 Be8
41. Bxd6 Bf7 42. bxa6 bxa6 43. Qc3 g5 44. c5 g4 45. fxg4 Qh6 46. Rf2 e4 47.
Rdf1 e3 48. Re2 Re4 49. Rf3 Rde8 50. g5 Qe6 51. Rf6 Qg4 52. Rf3 Qe6 53. Rf6 Qg4
54. Rf3 1/2-1/2

[Event "Deutsche Ländermeisterschaft 2016"]
[Site "Hannover GER"]
[Date "2016.10.02"]
[Round "2"]
[White "Mütsch, Annmarie"]
[Black "Reuker, Jari"]
[Result "1-0"]
[Termination "normal"]
[Board "2.3"]
[WhiteElo "2008"]
[BlackElo "2179"]
[WhiteClock "00:15:45"]
[BlackClock "00:27:46"]
[WhiteTeam "Baden 1"]
[BlackTeam "Niedersachsen 1"]
[PlyCount "51"]
[WhiteFideId "12971367"]
[BlackFideId "12909300"]
[EventCountry "GER"]
[EventRounds "7"]
[EventType "team-swiss"]
[EventDate "2016.09.30"]

1. e4 c5 2. Nf3 e6 3. d4 cxd4 4. Nxd4 a6 5. Nc3 Qc7 6. f4 b5 7. a3 Bb7 8. Bd3
Nc6 9. Nxc6 Qxc6 10. Qe2 Bc5 11. Bd2 Nf6 12. O-O-O O-O 13. e5 Nd5 14. Ne4 Be7
15. Qh5 g6 16. Qh6 b4 17. Bxb4 f5 18. Bxe7 fxe4 19. Bxf8 Rxf8 20. Bxe4 Qc4 21.
Bxg6 hxg6 22. Qxg6+ Kh8 23. Rd3 Nxf4 24. Qh6+ Kg8 25. Rxd7 Ne2+ 26. Kd2 1-0

[Event "Deutsche Ländermeisterschaft 2016"]
[Site "Hannover GER"]
[Date "2016.10.02"]
[Round "2"]
[White "Böhm, Jana"]
[Black "Färber, David"]
[Result "1-0"]
[Termination "normal"]
[Board "2.4"]
[WhiteElo "1904"]
[BlackElo "2186"]
[WhiteClock "00:29:50"]
[BlackClock "00:35:16"]
[WhiteTeam "Niedersachsen 1"]
[BlackTeam "Baden 1"]
[PlyCount "57"]
[WhiteFideId "24661589"]
[BlackFideId "12971294"]
[EventCountry "GER"]
[EventRounds "7"]
[EventType "team-swiss"]
[EventDate "2016.09.30"]

1. e4 c5 2. Nf3 Nc6 3. d4 cxd4 4. Nxd4 e5 5. Nb5 d6 6. N1c3 a6 7. Na3 Be6 8.
Be2 Be7 9. O-O Nf6 10. Bg5 O-O 11. Bxf6 Bxf6 12. Nc4 Nd4 13. Ne3 Bg5 14. Ncd5
Bxe3 15. Nxe3 Qc7 16. c3 Nc6 17. Bg4 Ne7 18. Bxe6 fxe6 19. Qb3 Rf6 20. Rad1 Rd8
21. Rd2 Qc6 22. Ng4 d5 23. Nxf6+ gxf6 24. Qd1 Kh8 25. f4 d4 26. fxe5 fxe5 27.
Qh5 Qc5 28. Rf7 dxc3+ 29. Kh1 1-0

[Event "Deutsche Ländermeisterschaft 2016"]
[Site "Hannover GER"]
[Date "2016.10.02"]
[Round "2"]
[White "Wiesner, Paula"]
[Black "von Estorff, Jacob"]
[Result "0-1"]
[Termination "normal"]
[Board "2.5"]
[WhiteElo "2116"]
[BlackElo "1896"]
[WhiteClock "00:25:43"]
[BlackClock "00:27:39"]
[WhiteTeam "Baden 1"]
[BlackTeam "Niedersachsen 1"]
[PlyCount "116"]
[WhiteFideId "24654019"]
[BlackFideId "12974501"]
[EventCountry "GER"]
[EventRounds "7"]
[EventType "team-swiss"]
[EventDate "2016.09.30"]

1. d4 d5 2. c4 e6 3. Nc3 Nf6 4. cxd5 exd5 5. Bg5 Be7 6. e3 O-O 7. Bd3 c6 8. Qc2
Nbd7 9. Nge2 Re8 10. O-O Nf8 11. f3 g6 12. Rad1 Ne6 13. Bh4 Ng7 14. e4 dxe4 15.
fxe4 Ng4 16. Bxe7 Qxe7 17. Qd2 Be6 18. e5 c5 19. Ne4 cxd4 20. Nf6+ Kh8 21. Qf4
Nh5 22. Nxh5 gxh5 23. Nxd4 Rad8 24. Qe4 f5 25. Nxf5 Qc5+ 26. Kh1 Nf2+ 27. Rxf2
Qxf2 28. Nd6 Re7 29. Rf1 Qxb2 30. Nf7+ Rxf7 31. Rxf7 Qc1+ 32. Rf1 Qh6 33. h3
Qg7 34. Rf2 Bd5 35. Qf5 Rg8 36. Be4 Bxe4 37. Qxe4 Re8 38. e6 Re7 39. Qd5 h6 40.
Qf5 h4 41. Rd2 Qg5 42. Qf8+ Kh7 43. Qxe7+ Qxe7 44. Rd7 Qg7 45. Kg1 Kg6 46.
Rxg7+ Kxg7 47. Kf2 Kf6 48. Kf3 b5 49. Kg4 b4 50. Kxh4 a5 51. Kh5 a4 52. Kxh6 b3
53. axb3 axb3 54. g4 b2 55. g5+ Kxe6 56. h4 b1=Q 57. h5 Qc1 58. Kg6 Qf4 0-1

[Event "Deutsche Ländermeisterschaft 2016"]
[Site "Hannover GER"]
[Date "2016.10.02"]
[Round "2"]
[White "Evering, Sören"]
[Black "Visvikis, Christos"]
[Result "0-1"]
[Termination "normal"]
[Board "2.6"]
[WhiteElo "1853"]
[BlackElo "1908"]
[WhiteClock "00:57:36"]
[BlackClock "00:22:25"]
[WhiteTeam "Niedersachsen 1"]
[BlackTeam "Baden 1"]
[PlyCount "119"]
[WhiteFideId "12974650"]
[BlackFideId "12967955"]
[EventCountry "GER"]
[EventRounds "7"]
[EventType "team-swiss"]
[EventDate "2016.09.30"]

1. e4 c5 2. Nf3 a6 3. d4 cxd4 4. Nxd4 Nf6 5. Nc3 e5 6. Nf3 Bb4 7. Bd3 d5 8.
exd5 e4 9. O-O exd3 10. Re1+ Be7 11. Qxd3 O-O 12. Bf4 Bd6 13. Bxd6 Qxd6 14. Ne4
Nxe4 15. Qxe4 Nd7 16. c4 Nf6 17. Qd4 b6 18. a3 a5 19. Rad1 Bg4 20. Qd3 Rac8 21.
Rc1 Bxf3 22. Qxf3 Nd7 23. Qh5 Qf4 24. Qh3 Nf6 25. Qd3 Rfd8 26. Rc2 Re8 27. Rd1
Qe4 28. h3 Qxd3 29. Rxd3 Nd7 30. Rb3 Re4 31. Rbc3 g6 32. f3 Rd4 33. Kf2 Nc5 34.
Ke3 Rd1 35. Ke2 Rb1 36. Re3 Kf8 37. d6 Re8 38. Rd2 Rxe3+ 39. Kxe3 Ke8 40. Kf4
Rxb2 41. Rxb2 Nd3+ 42. Ke4 Nxb2 43. Kd5 Kd7 44. c5 bxc5 45. Kxc5 a4 46. g3 h5
47. h4 Nd3+ 48. Kb5 Kxd6 49. Kxa4 Kc5 50. Ka5 Ne5 51. f4 Nc4+ 52. Ka4 Nxa3 53.
Kxa3 Kd4 54. Kb4 Ke4 55. Kc4 Kf3 56. Kd4 Kxg3 57. Ke5 f5 58. Kf6 Kxf4 59. Kxg6
Kg4 60. Kf6 0-1

[Event "Deutsche Ländermeisterschaft 2016"]
[Site "Hannover GER"]
[Date "2016.10.02"]
[Round "2"]
[White "Dobrikov, Marco"]
[Black "Mönster, Madita"]
[Result "1-0"]
[Termination "normal"]
[Board "2.7"]
[WhiteElo "1926"]
[BlackElo "1781"]
[WhiteClock "00:48:26"]
[BlackClock "00:01:00"]
[WhiteTeam "Baden 1"]
[BlackTeam "Niedersachsen 1"]
[PlyCount "83"]
[WhiteFideId "12950378"]
[BlackFideId "12947156"]
[EventCountry "GER"]
[EventRounds "7"]
[EventType "team-swiss"]
[EventDate "2016.09.30"]

1. e4 c5 2. Nf3 d6 3. c3 Nf6 4. Bd3 Nc6 5. Bc2 Bg4 6. O-O e6 7. h3 Bh5 8. d3
Be7 9. Be3 O-O 10. Nbd2 Rc8 11. g4 Bg6 12. Nh4 Nd7 13. Nxg6 hxg6 14. f4 e5 15.
Nf3 exf4 16. Bxf4 Nde5 17. Qd2 b5 18. Rad1 b4 19. Bb3 Nd7 20. d4 bxc3 21. bxc3
Na5 22. Bc2 Nc4 23. Qe2 cxd4 24. cxd4 Re8 25. e5 dxe5 26. dxe5 Qb6+ 27. Kh1 Nf8
28. Bb3 Na5 29. Bd5 Ne6 30. Be3 Bc5 31. Bc1 Rcd8 32. Ng5 Nxg5 33. Bxg5 Rd7 34.
Qf3 Qc7 35. Rc1 Rf8 36. e6 Re7 37. Bxe7 Qxe7 38. exf7+ Kh7 39. Be4 Bb6 40.
Bxg6+ Kxg6 41. Qf5+ Kh6 42. Qh5# 1-0

[Event "Deutsche Ländermeisterschaft 2016"]
[Site "Hannover GER"]
[Date "2016.10.02"]
[Round "2"]
[White "Reichelt, Lena"]
[Black "Basovskiy, Jana"]
[Result "1-0"]
[Termination "normal"]
[Board "2.8"]
[WhiteElo "1450"]
[BlackElo "1435"]
[WhiteClock "00:31:24"]
[BlackClock "00:28:34"]
[WhiteTeam "Niedersachsen 1"]
[BlackTeam "Baden 1"]
[PlyCount "107"]
[WhiteFideId "12981184"]
[BlackFideId "16208617"]
[EventCountry "GER"]
[EventRounds "7"]
[EventType "team-swiss"]
[EventDate "2016.09.30"]

1. d4 d5 2. Nf3 e6 3. e3 Nf6 4. Bd3 Be7 5. O-O O-O 6. Nbd2 c5 7. b3 Nbd7 8. Bb2
b6 9. dxc5 Nxc5 10. Be2 Bb7 11. c4 Rc8 12. cxd5 Nxd5 13. Rc1 Bf6 14. Bxf6 Qxf6
15. Nc4 Rfd8 16. Qd4 Qf5 17. Qe5 Qxe5 18. Nfxe5 Ne4 19. Bf3 Nef6 20. Rcd1 Ba6
21. Rfe1 b5 22. Na5 Nc3 23. Rxd8+ Rxd8 24. Nac6 Rd2 25. Nb4 Bc8 26. Rc1 Rb2 27.
h3 Rb1 28. Rxb1 Nxb1 29. Nec6 Kf8 30. Nxa7 Bd7 31. Bc6 Bxc6 32. Nbxc6 Nc3 33.
a3 Nfe4 34. f3 Nd2 35. Nd4 Ke7 36. b4 Nc4 37. Naxb5 Nxb5 38. Nxb5 Nxe3 39. Kf2
Nc2 40. Ke2 Kd7 41. Kd2 Nxb4 42. axb4 Kc6 43. Nd4+ Kd5 44. Kc3 e5 45. Nf5 g6
46. Ne3+ Kc6 47. Kc4 f5 48. b5+ Kb6 49. Nd5+ Kb7 50. Kc5 g5 51. Ne3 f4 52. Nc4
Kc7 53. Nxe5 Kb7 54. Nf7 1-0

[Event "Deutsche Ländermeisterschaft 2016"]
[Site "Hannover GER"]
[Date "2016.10.02"]
[Round "2"]
[White "Ott, Florian"]
[Black "Richter, Leonard"]
[Result "1-0"]
[Termination "normal"]
[Board "3.1"]
[WhiteTitle "FM"]
[WhiteElo "2299"]
[BlackElo "2282"]
[WhiteClock "00:37:40"]
[BlackClock "00:08:58"]
[WhiteTeam "Bayern"]
[BlackTeam "Sachsen"]
[PlyCount "63"]
[WhiteFideId "12900281"]
[BlackFideId "12900290"]
[EventCountry "GER"]
[EventRounds "7"]
[EventType "team-swiss"]
[EventDate "2016.09.30"]

1. d4 Nf6 2. c4 g6 3. Nc3 Bg7 4. e4 d6 5. Be2 O-O 6. Bg5 h6 7. Be3 Nbd7 8. Qd2
c5 9. d5 Kh7 10. h3 a6 11. a4 Qa5 12. Ra2 Nb6 13. Nf3 Qb4 14. Qd3 Qa5 15. O-O
Ne8 16. Rc1 f5 17. Bd2 Nd7 18. exf5 gxf5 19. Ne4 Qd8 20. Ng3 Ne5 21. Qc2 Kh8
22. Nh5 Nf6 23. Nxg7 Kxg7 24. Bc3 Ng6 25. Re1 Qd7 26. b3 a5 27. Bd3 Nf4 28. Nh4
Nxd3 29. Qxd3 Kf7 30. Re6 Qc7 31. Qxf5 Bxe6 32. Qg6# 1-0

[Event "Deutsche Ländermeisterschaft 2016"]
[Site "Hannover GER"]
[Date "2016.10.02"]
[Round "2"]
[White "Zienert, Richard"]
[Black "Mann, Johannes"]
[Result "1-0"]
[Termination "normal"]
[Board "3.2"]
[WhiteElo "2182"]
[BlackElo "2197"]
[WhiteClock "00:45:21"]
[BlackClock "00:01:57"]
[WhiteTeam "Sachsen"]
[BlackTeam "Bayern"]
[PlyCount "63"]
[WhiteFideId "12945986"]
[BlackFideId "24691380"]
[EventCountry "GER"]
[EventRounds "7"]
[EventType "team-swiss"]
[EventDate "2016.09.30"]

1. e4 c6 2. d4 d5 3. Nc3 dxe4 4. Nxe4 Bf5 5. Ng3 Bg6 6. h4 h6 7. Nf3 Nd7 8. h5
Bh7 9. Bd3 Bxd3 10. Qxd3 e6 11. Bd2 Ngf6 12. O-O-O Be7 13. Kb1 O-O 14. Ne4 Nxe4
15. Qxe4 Nf6 16. Qe2 Qd5 17. Be3 Qb5 18. c4 Qf5+ 19. Ka1 Ng4 20. Bc1 b5 21. Ne5
Nxe5 22. dxe5 f6 23. Rd7 Bc5 24. f4 fxe5 25. g4 Qf6 26. g5 hxg5 27. fxg5 Qf5
28. h6 g6 29. cxb5 cxb5 30. Qxb5 Bb6 31. Rg7+ Kh8 32. Qd7 1-0

[Event "Deutsche Ländermeisterschaft 2016"]
[Site "Hannover GER"]
[Date "2016.10.02"]
[Round "2"]
[White "Oberhofer, Cédric"]
[Black "Wong, Gengchun"]
[Result "1-0"]
[Termination "normal"]
[Board "3.3"]
[WhiteElo "2208"]
[BlackElo "2069"]
[WhiteClock "00:12:15"]
[BlackClock "00:20:26"]
[WhiteTeam "Bayern"]
[BlackTeam "Sachsen"]
[PlyCount "57"]
[WhiteFideId "12941220"]
[BlackFideId "12963283"]
[EventCountry "GER"]
[EventRounds "7"]
[EventType "team-swiss"]
[EventDate "2016.09.30"]

1. e4 c5 2. Nf3 d6 3. d4 cxd4 4. Nxd4 Nf6 5. Nc3 a6 6. f4 g6 7. Be2 Nc6 8. Be3
Bg7 9. Qd2 Bd7 10. O-O O-O 11. Rad1 Rc8 12. Nxc6 Bxc6 13. Bf3 Qc7 14. Bd4 Rfd8
15. Qe3 Qb8 16. e5 Ne8 17. e6 f5 18. Ba7 Qa8 19. Bb6 Nc7 20. g4 fxg4 21. Bxg4
Rf8 22. f5 Bxc3 23. bxc3 Nd5 24. Rxd5 Bxd5 25. Bd4 Rc4 26. f6 exf6 27. e7 f5
28. exf8=Q+ Qxf8 29. Bxf5 1-0